000 01098nmc a2200337 a 4500
003 AR-BaBNM
005 20251128203850.0
008 237019s1978 ||||||||||||||000 | spa||
040 _cAR-BaBNM
100 1 _aAllen, Dwight W.
245 1 0 _aMicroenseñanza
_buna nueva técnica para la formación y el perfeccionamiento docentes
250 _a2ª ed.
260 _aBuenos Aires
_bEl Ateneo
_c1978
300 1 _axix, 130 p.
490 0 _aBiblioteca Nuevas Orientaciones de la Educación. Administración de la Educación
504 _aBibliografía: p. 109-11
650 4 _aMETODOS DE ENSENANZA
650 4 _aFORMACION DE DOCENTES
650 4 _aPERFECCIONAMIENTO DEL DOCENTE
650 4 _aMETODOS DE FORMACION
650 4 _aSUPERVISORES DE PRACTICA DOCENTE
653 0 _aDIRECTORES DE ESCUELA
700 1 _aRyan, Kevin A.
700 1 _aMontaldo, Eddy
_etraductor
700 1 _aFlanders, Ned A.
_eprologuista
800 1 _aTula, María Arsenia
_edirector
800 1 _aBähler, N. Ruth
_edirector
800 1 _aMárquez, Angel Diego
_edirector
942 _cBK
998 _csilvi
999 _c5240
_d5240